000 01170nam0a22002651 4500
001 rc\4498402
005 20130416173347.3
035 _a(NLR Aleph) 008341580
090 _a8880786
_c8880786
100 _a20130416d1958 |||y0rusy50 ca
101 0 _arus
102 _aRU
105 _aa z |||||
200 1 _aДоклад на IV Научно-технической сессии института "Механобр" на тему: "Разделение свинцово-медного концентрата сульфитом и сернокислым железом"
_fМ-во цвет. металлургии СССР. Всесоюз. науч. исслед. и проектный ин-т механ. обработки полезных ископаемых "Механобр"
210 _aЛенинград
_cБ. и.
_d1958
215 _a[1], 12 л., 4 л. черт.
_d29
300 _aТекст на одной стороне листа
300 _aЛитогр.
700 1 _aКонев
_bА. С.
701 1 _aБакинов
_bК. Г.
801 0 _aRU
_bNLR
_gpsbo
801 1 _aRU
_bELAR
_2rusmarc
852 _aNLR
_j58-8/1429
942 _cBOOK
980 _aNB